Cenník smerných orientačných cien 1993 : 800-711 Izolácie proti vode a povlakové krytiny

Uložené v:
Podrobná bibliografia
Médium: Kniha
Jazyk:Slovak
Vydavateľské údaje: Bratislava : Cenekon, 1993
Tagy: Pridať tag
Žiadne tagy, Buďte prvý, kto otaguje tento záznam!

MARC

LEADER 00000nam a22000003a 4500
001 stu225703
005 20150408164616.5
008 110524s1993----xo------------------slo-d
040 |a STU  |b slo 
041 0 |a slo 
044 |a xo 
245 |a Cenník smerných orientačných cien 1993 :  |b 800-711 Izolácie proti vode a povlakové krytiny 
260 |a Bratislava :  |b Cenekon,  |c 1993 
300 |a 76 s 
996 |b 284V034359  |c V*6902/K-1400  |l VVT  |s A  |a 24  |w stu225703_0001